Poradník úradníctva československej pošty na Slovensku 1947

Podrobná bibliografia
Médium: Kniha
Jazyk:slovenčina
Fyzický popis:158, [6] s. tabuľky 24 cm
Vydavateľské údaje: [S.l.] [s.n.] 1947
Predmet:

MARC

LEADER 00000cam a2200000 a 4500
001 vtls008391562
003 SK-MaSNL
005 20260426020223.0
008 200507s1947 xo a f 000 0 slo
015 |a SNBA19451955-009501 
035 |a SK01SNKBKSFS20010083779 
035 |a urn:nbn:sk:snk-am3ia6s 
035 |a A1E89AC0-49AE-43E8-9495-E20E558271EF 
035 |a urn:nbn:sk:snk-am00dzv2 
035 |a SKM000086242 
040 |a SNK  |b slo  |c SNK  |e AACR2 
041 0 |a slo 
043 |a e-xo--- 
044 |a xo  |c SK 
080 |a 656  |2 1981 
080 |a 331  |2 1981 
245 0 0 |a Poradník úradníctva československej pošty na Slovensku 1947 
260 |a [S.l.]  |b [s.n.]  |c 1947  |e Banská Bystrica  |f Grafia 
300 |a 158, [6] s.  |b tabuľky  |c 24 cm 
500 |a Frontispice 
563 |a Tlač na prídoštiach 
648 7 |a 1947  |2 SNKPH  |9 309318 
650 0 7 |a pošty  |2 SNKPH  |9 13835 
650 0 7 |a úradníci  |2 SNKPH  |9 31682 
651 7 |a Slovensko  |2 SNKPHgeo  |9 14231 
655 7 |a zoznamy  |2 SNKPH  |9 29645 
958 |a RK 
958 |a TL 
958 |a ONDV 
999 |c 1205621  |d 1207551 
952 |a SNK  |b SNK  |y PREZ  |7 0  |p 17A0787321  |o snkSC 5755/1947  |i snkKSF 4626/56  |8 5  |0 0  |1 0  |4 0  |d 2019-04-12  |f 1  |l 0  |r 2025-07-04 00:00:00  |w 2026-02-24